| 000 | 00513nam a2200217Ia 4500 | ||
|---|---|---|---|
| 003 | OSt | ||
| 005 | 20221124153159.0 | ||
| 008 | 210210b1997 xxu||||| |||| 00| 0 eng d | ||
| 020 | _a81 219 1144 3 | ||
| 040 | _cAL | ||
| 041 | _aEnglish | ||
| 082 | _a657.45 TANH | ||
| 100 |
_aTANDON (B N). _963672 |
||
| 245 | _aHandbook of practical auditing | ||
| 250 | _a11 | ||
| 260 |
_aNew Delhi _bS. Chand & Co. Ltd _c1997 |
||
| 300 | _axii,787 | ||
| 690 |
_aAuditing _963673 |
||
| 906 | _a052167 | ||
| 942 |
_2ddc _cBK |
||
| 999 |
_c100608 _d100608 |
||